Extinct Animals From Islands-Pictures - Statistics

General Stats
  • This quiz has been taken 42 times
  • The average score is 4 of 17
Answer Stats
Picture Answer % Correct
Dodo
94%
Broad Billed Moa
68%
Thylacine
53%
Great Auk
50%
Elephant Bird
29%
Haast's Eagle
26%
Archaeoindris (Sloth Lemur)
12%
Stellers Sea Cow
12%
Pinta Island Tortoise
9%
Rodrigues Solitaire
9%
Synocnus (Megalocnid ground sloth)
9%
Broad Billed Parrot
6%
Choiseul Pigeon
3%
Meiolania
0%
Mekosuchus
0%
Moa-Nalu
0%
Myotragus
0%
No matching quizzes found
Score Distribution
Percent of People with Each Score
Percentile by Number Answered
Your Score History
You have not taken this quiz